00561cas a22001937a 450000500170000000800410001701000100005801100100006802200140007803500100009224500620010226000450016430000070020931000140021636200180023050000520024865000460030086600210034620220329142055.0990526u1973 uk bn p rnn 0 bub1eng d a77988 a789600 a0300-5127 a8907600aBiochemical Society Transactionsc/by Biochemical Society0 aEssex, UK :bBiochemical Society,c1973- av. aBimestral0 av.1 n.4, 1973 aSe dejó de recibir a partir del v.1 n.4, 197314aBioquímicaxPublicaciones periódicas. av.1 n.1-6 (1973)